000 00648nam a2200289Ia 4500
001 12990
003 25276
005 20250128062540.0
008 ||||||n9999 ||| || ||
041 _afre
082 _219
_a330102
100 _aCulmann, Henri
_921215
245 0 _aLes comptabilites nationales
260 _aFrancia :
_bPresses Universitaires de France,
_c1968.
300 _a128p
562 _e1
650 0 _aContabilidad
_97194
650 _aFRANCIA
_92662
942 _cBKM
999 _c12990
_d12990
526 _a116204
526 _a4969
526 _a19790
526 _a104436
526 _a5144
526 _a51868
526 _a1697